| 000 | 00625nam a2200229 i 4500 | ||
|---|---|---|---|
| 001 | 47447 | ||
| 003 | ES-MaACL | ||
| 005 | 20251019063040.0 | ||
| 007 | t| | ||
| 008 | 030428s2002 sp ||||0| spa | ||
| 020 | _a84-322-1132-X | ||
| 080 | _a821.134.2(72)-31"19" | ||
| 100 | 1 |
_aFuentes, Carlos, _d1928-2012 _9242378 |
|
| 245 | 1 | 0 |
_aEn esto creo / _cCarlos Fuentes. |
| 250 | _a1ยช ed. | ||
| 260 |
_aBarcelona : _bSeix Barral, _c2002. |
||
| 300 |
_a358 p. ; _c23 cm. |
||
| 490 | 1 | _aBiblioteca breve | |
| 830 | 1 |
_aBiblioteca breve (Seix Barral) _9227188 |
|
| 852 | 1 |
_aBA _jL-26253 |
|
| 999 |
_c47447 _d47447 |
||